Science Quiz

Random Science or Biology Quiz

'S' is for Science Quiz Stats

 Plays Quiz Updated Oct 26, 2014

Challenge
Share
Tweet
Embed
Score 0/20 Timer 06:00
2 Plays Today
Hint Science Term % Correct
Second largest planet in our solar systemSaturn
93.2%
The trigonometric trio: ____, cosine, tangentSine
91.2%
Electricity generated by socks rubbed on carpetStatic
90.3%
Darwin's 'Origin of ____'Species
89.9%
Digestive organ filled with acidic gastric juicesStomach
88.1%
A type of air pollution mixed with fogSmog
88%
SI unit for measuring timeSecond
85%
Element represented by S in the periodic tableSulfur
81.4%
Atmospheric layer where planes usually flyStratosphere
80.8%
A huge stellar explosion from death of a starSupernova
80.6%
Hint Science Term % Correct
One of the three types of rocksSedimentary
80.5%
Disease due to lack of vitamin CScurvy
79.7%
'Seed' produced by mushroomsSpore
73.2%
The male gameteSperm cells
71.5%
Lions are not king of the jungle; they live here insteadSavanna
70.3%
Perhaps the most popular cat in theoretical physicsSchrödinger's cat
66.9%
The measurement for saltinessSalinity
61.1%
A liquid that helps solubilize a solid or another liquidSolvent
55.3%
Respiratory disease that became a pandemic in 2003SARS
54.9%
Type of plants that can store water, like aloe and cactusSucculent
38.6%

You're not logged in!

Compare scores with friends on all Sporcle quizzes.
OR
Log In

You Might Also Like...

Show Comments

Extras

Top Quizzes Today


Score Distribution

Your Account Isn't Verified!

In order to create a playlist on Sporcle, you need to verify the email address you used during registration. Go to your Sporcle Settings to finish the process.

Report this User

Report this user for behavior that violates our Community Guidelines.

Details: